000 007580000a22002290004500
003 LK-CoMWRAF
005 20231106163707.0
008 230817t1998 ||||| |||| 00| 0 eng d
020 _a195622030
040 _aLK-CoMWRAF
_dLK-CoMWRAF
_eLK-CoMWRAF
041 _aeng
082 _a305.69
_bAHM
100 _aAhmed, Rafiuddin
245 _aThe Bengal Muslims 1871-1906:
_bThe quest for identity
250 _a2nd ed.
260 _aNew York:
_bOxford University Press,
_c1998
300 _axvi, 271 p., [2] leaves of plates : maps ; 23 cm.
_bBibliography, glossary and index included
650 _aMUSLIMS-Political activity--India--Bengal
650 _aIslam and politics--India--Bengal
650 _aBengal (India)--Politics and government
942 _cBK
999 _c559
_d559